000 00946nam a2200301 a 4500
001 000038503
003 DO-SdBNP
005 20240830133854.0
008 090717s2012 dr 000 0 spa d
020 _z9789945447545
040 _aDO-SdBNP
_bspa
_cBPMSU
082 4 _a460.7
_bM385L, 2012
_222
100 1 _aMartínez Montero, Juan
245 1 0 _aLenguaje, gramática y redacción /
_cJuan Martínez Montero.
246 1 4 _aHable correctamente y escriba sin incertidumbre.
250 _a4a ed. ampliada y corr.
260 _aSanto Domingo :
_bUASD,
_c2012.
300 _a415 p. ;
_c22 cm.
504 _aBibliografía : p. 413-415
590 _aInventariado, 2024/VM
650 4 _aEspañol
_xEstudio y enseñanza
650 4 _aEspañol
_xGramática
650 4 _aEspañol
_xOrtografía
650 4 _aLenguaje y lenguas
710 2 _aUniversidad Autónoma de Santo Domingo
910 _aVMateo V. Control de calidad BPMSU
942 _2ddc
_cBK
999 _c14792
_d14792